Vocabulaire espagnol - Statistiques

Statistiques générales
  • Ce quiz a été pris 164 fois
  • Le résultat moyen est 3 sur 15
Statistiques - réponses
Français Espagnol % Correct
Vêtements Ropa
77%
Méduse Medusa
55%
Escalier Escalera
39%
Ennuyé Aburrido
35%
Tapis Alfombra
26%
Tremblement de Terre Terremoto
18%
Litchi Lichi
14%
Rein Riñón
14%
Tongue Lengua
13%
Echecs Ajedrez
11%
Ecureuil Ardilla
11%
Radis Rábano
8%
Fouet Látigo
6%
Tableau Mesa
6%
Genoux Regazo
2%
Aucun quiz correspondant
Distribution des résultats
% des personnes avec chaque résultat
Percentile par nombre de réponses
Votre historique - résultats
Vous n’avez pas pris ce quiz